[Event "Ch France (team) (nat.2) 2008/09"]
[Site "masterchessopen.com France"]
[Date "2008.11.22"]
[Round "2"]
[White "Rouler Charly (FRA)"]
[Black "Abello Sebastien (FRA)"]
[Result "0-1"]
[WhiteElo "2306"]
[BlackElo "2303"]

1.Nf3 Nf6 2.c4 g6 3.g3 Bg7 4.Bg2 O-O 5.O-O d6 6.d4 a6 7.Nc3 Nc6 8.h3 Rb8 9.e4
b5 10.cxb5 axb5 11.Re1 e5 12.d5 Ne7 13.b4 c6 14.dxc6 Nxc6 15.a3 Be6 16.Bb2 Qd7
17.Kh2 Bc4 18.Qd2 Rfd8 19.Rad1 Qa7 20.Bf1 Nd4 21.Kg2 Nxf3 22.Kxf3 d5 23.Nxd5
Rxd5 24.exd5 Bxd5+ 25.Ke2 Bc4+ 26.Kf3 Qb7+ 27.Ke3 Qe4# 0-1

[Event "Oberliga Bayern 2008/09"]
[Site "masterchessopen.com Bayern (Germany)"]
[Date "2008.11.30"]
[Round "3"]
[White "Sternheimer Erhard (GER)"]
[Black "Martin Thomas (GER)"]
[Result "1-0"]
[WhiteElo "2224"]
[BlackElo "2314"]

1.Nf3 Nf6 2.d4 g6 3.g3 Bg7 4.Bg2 O-O 5.O-O d6 6.c4 Nc6 7.Nc3 a6 8.h3 Nd7 9.e4
e5 10.Be3 b5 11.d5 Ne7 12.cxb5 axb5 13.Nxb5 Ba6 14.a4 Qb8 15.Qc2 Rc8 16.Ra3
Bxb5 17.axb5 Rxa3 18.bxa3 Qxb5 19.Rb1 Qa6 20.a4 c6 21.Bf1 Qa8 22.dxc6 Nxc6
23.Qa2 Nd8 24.Nd2 Nf6 25.Bg2 Qa6 26.Rb6 Qe2 27.Qb1 Nc6 28.Bf3 {#r} 1-0

[Event "It (open)"]
[Site "masterchessopen.com Palma de Majorca (Spain)"]
[Date "2008.12.08"]
[Round "3"]
[White "Alonso Rene (CUB)"]
[Black "Lechado Artigues Pedro (ESP)"]
[Result "1-0"]
[WhiteElo "2368"]
[BlackElo "2021"]

1.d4 Nf6 2.Nf3 g6 3.g3 Bg7 4.Bg2 O-O 5.O-O d6 6.c4 Nc6 7.Nc3 a6 8.d5 Na5 9.b3
Ne4 10.Nxe4 Bxa1 11.Bd2 Nxc4 12.Qxa1 Nxd2 13.Nexd2 e5 14.dxe6 fxe6 15.h4 h6
16.Qb1 Qf6 17.Rc1 Qf7 18.Qc2 c6 19.Nc4 Rd8 20.Qd3 Qf5 21.e4 Qf6 22.e5 dxe5
23.Qe3 Kg7 24.Nfxe5 g5 25.Nb6 Rb8 26.Rc4 gxh4 27.Rg4+ {#r} 1-0

[Event "Tournament (open) \"]
[Site "masterchessopen.com Uljanovsk (Russia)"]
[Date "2009.01.04"]
[Round "4"]
[White "Trushnikov Viacheslav (RUS)"]
[Black "Olisov Andrey (RUS)"]
[Result "0-1"]
[WhiteElo "1989"]
[BlackElo "2104"]

1.d4 Nf6 2.c4 g6 3.Nf3 Bg7 4.Nc3 O-O 5.g3 d6 6.Bg2 Nc6 7.O-O a6 8.h3 Rb8 9.a4
Bd7 10.e4 Na5 11.Nd2 Qc8 12.Kh2 c5 13.d5 Qc7 14.Qe2 Bb5 15.cxb5 axb5 16.Nxb5
{#R} 0-1

[Event "Memorial P.Keres (active) (preliminary)"]
[Site "masterchessopen.com Tallinn (Estonia)"]
[Date "2009.01.10"]
[Round "6"]
[White "Volodin Aleksandr (EST)"]
[Black "Holvason Juri (EST)"]
[Result "1-0"]
[WhiteElo "2419"]
[BlackElo "2118"]

1.d4 Nf6 2.c4 g6 3.Nf3 Bg7 4.g3 O-O 5.Bg2 d6 6.O-O Nc6 7.Nc3 a6 8.h3 Rb8 9.Be3
Bd7 10.a4 e5 11.dxe5 dxe5 12.Qc1 Be6 13.b3 Nd4 14.Rd1 Qc8 15.Nxd4 exd4 16.Bxd4
Bxh3 17.Qb2 c6 18.Ne4 Nxe4 19.Bxg7 Qf5 20.Bf3 Rfe8 21.Bh6 f6 22.Bf4 Rbc8
23.Qd4 g5 24.Be3 g4 25.Qb2 Rb8 26.Bf4 Rbc8 27.Qd4 {#r} 1-0

[Event "It (open) \"]
[Site "masterchessopen.com Gibraltar (England)"]
[Date "2009.01.30"]
[Round "4"]
[White "Houska Jovanka (ENG)"]
[Black "Getz Nicolai (NOR)"]
[Result "1-0"]
[WhiteElo "2392"]
[BlackElo "2219"]

1.d4 Nf6 2.Nf3 g6 3.c4 Bg7 4.g3 O-O 5.Bg2 d6 6.O-O Nc6 7.Nc3 a6 8.b3 Rb8 9.Nd5
Bg4 10.Bb2 e5 11.dxe5 Ne8 12.h3 Bxf3 13.exf3 dxe5 14.Ba3 Nd4 15.Bxf8 Kxf8
16.f4 exf4 17.Nxf4 Qd6 18.Rc1 c5 19.Nd5 Nc7 20.Nxc7 Qxc7 21.Re1 Nf5 22.Qf3 Bd4
23.Rcd1 b5 24.cxb5 axb5 25.b4 cxb4 26.Rxd4 Nxd4 27.Qf6 {#r} 1-0

[Event "It (open) \"]
[Site "masterchessopen.com Gibraltar (England)"]
[Date "2009.02.01"]
[Round "6"]
[White "Drenth Jean Paul (NED)"]
[Black "Haug Marianne Wold (NOR)"]
[Result "1-0"]
[WhiteElo "2144"]
[BlackElo "1987"]

1.d4 Nf6 2.Nf3 g6 3.c4 Bg7 4.Nc3 O-O 5.g3 d6 6.Bg2 Nc6 7.O-O a6 8.h3 e5 9.e4
Rb8 10.Rb1 b5 11.cxb5 axb5 12.d5 b4 13.Na4 Ne7 14.Re1 c6 15.dxc6 Nxc6 16.b3 d5
17.exd5 Bf5 18.Rb2 Qxd5 19.Rd2 Qb5 20.g4 Be4 21.g5 Bxf3 22.Bxf3 e4 23.gxf6
exf3 24.Rd5 {#r} 1-0

[Event "It (open) \"]
[Site "masterchessopen.com Gibraltar (England)"]
[Date "2009.02.03"]
[Round "8"]
[White "Fairbairn Stephen (CAN)"]
[Black "Tsifanskaya Ludmila A (ISR)"]
[Result "1-0"]
[WhiteElo "2073"]
[BlackElo "2113"]

1.c4 Nf6 2.g3 g6 3.Bg2 Bg7 4.Nc3 O-O 5.Nf3 d6 6.d4 Nc6 7.O-O a6 8.h3 Rb8 9.e4
Nd7 10.Be3 b6 11.Rc1 Na5 12.b3 c5 13.Qd2 b5 14.cxb5 axb5 15.Bh6 Nf6 16.Bxg7
Kxg7 17.Qe3 b4 18.e5 cxd4 19.exf6+ exf6 20.Qxd4 bxc3 21.Rxc3 Bb7 22.Rd1 Nc6
23.Qxd6 Qxd6 24.Rxd6 Ne5 25.Nd4 Rfc8 26.Rxc8 Bxc8 27.Rd8 Nd7 28.Nc6 Ra8 29.Ne7
Rxa2 30.Nxc8 {#r} 1-0

[Event "It \"]
[Site "masterchessopen.com Belgrade (Serbia)"]
[Date "2009.03.21"]
[Round "1"]
[White "Ivanovic Nikola (SRB)"]
[Black "Jovanovic Nebojsa M (SRB)"]
[Result "1-0"]
[WhiteElo "2229"]
[BlackElo "1807"]

1.d4 g6 2.c4 Bg7 3.Nc3 Nf6 4.Nf3 O-O 5.g3 d6 6.Bg2 Nc6 7.O-O a6 8.Nd5 Nxd5
9.cxd5 Nb8 10.e4 Nd7 11.Be3 e5 12.dxe6 fxe6 13.Qb3 Qe7 14.Rac1 Nf6 15.e5 Ne4
16.Qc2 d5 17.Qxc7 Bd7 18.Qb6 Bc6 19.Nd2 Ng5 20.Nb3 Nf3+ 21.Bxf3 Rxf3 22.Na5
Bb5 23.Rc7 Qf8 24.Qxe6+ Kh8 25.Rfc1 Qb4 26.Nxb7 Raf8 27.Qe7 Qxe7 28.Rxe7 R3f7
29.Rxf7 Rxf7 30.Nd6 {#r} 1-0

[Event "Czech League 2008/09 (2nd) (c)"]
[Site "masterchessopen.com Czech Republic"]
[Date "2009.04.05"]
[Round "11"]
[White "Juptner Jan (CZE)"]
[Black "Hostinsky Jiri (CZE)"]
[Result "1-0"]
[WhiteElo "2385"]
[BlackElo "2232"]

1.d4 Nf6 2.c4 g6 3.Nc3 Bg7 4.Nf3 O-O 5.g3 d6 6.Bg2 Nc6 7.O-O a6 8.Re1 Rb8
9.Rb1 Na5 10.Qd3 b5 11.cxb5 axb5 12.b4 Nc4 13.Nxb5 d5 14.Nc3 Bf5 15.e4 Nxe4
16.Rb3 Ned2 17.Qe2 Nxb3 18.axb3 Nb6 19.Ne5 Qd6 20.Bf4 Qxb4 21.Nxd5 Nxd5
22.Bxd5 Qxd4 23.Nc6 Qc5 24.Rc1 Qb5 25.Bc4 Qb7 26.Nxb8 Bh3 27.Nc6 {#r} 1-0

[Event "Ch Wales"]
[Site "masterchessopen.com Cardiff (Wales)"]
[Date "2009.04.12"]
[Round "4"]
[White "Davis Lee (WLS)"]
[Black "Rees Gwynfor (WLS)"]
[Result "1-0"]
[WhiteElo "1948"]
[BlackElo "2049"]

1.d4 Nf6 2.g3 g6 3.Bg2 Bg7 4.Nf3 O-O 5.O-O d6 6.c4 Nc6 7.Nc3 a6 8.h3 Rb8 9.e4
Nd7 10.Be3 b5 11.cxb5 axb5 12.Rc1 Na5 13.b3 c5 14.dxc5 dxc5 15.Bf4 e5 16.Bg5
f6 17.Be3 b4 18.Nd5 Ba6 19.Re1 c4 20.Bf1 cxb3 21.axb3 Bxf1 22.Kxf1 Kh8 23.Nc7
Qe7 24.Qd5 Rb7 25.Na6 {#r} 1-0

[Event "It (open)"]
[Site "masterchessopen.com Benidorm (Spain)"]
[Date "2009.04.24"]
[Round "1"]
[White "Kempinski Robert (POL)"]
[Black "Haug Marianne Wold (NOR)"]
[Result "1-0"]
[WhiteElo "2601"]
[BlackElo "1987"]

1.d4 Nf6 2.c4 g6 3.g3 Bg7 4.Bg2 O-O 5.Nc3 d6 6.Nf3 Nc6 7.O-O a6 8.e3 Rb8 9.Qe2
e5 10.d5 Ne7 11.e4 c6 12.a4 Bd7 13.Rd1 cxd5 14.cxd5 b5 15.axb5 axb5 16.b4 Qc7
17.Bd2 Qc4 18.Qxc4 bxc4 19.Rdb1 Rb6 20.Ne1 Rfb8 21.Nc2 Ne8 22.Ra7 R6b7 23.Rxb7
Rxb7 24.Ra1 {#r} 1-0

[Event "Memorial Voroniatov (open)"]
[Site "masterchessopen.com Nizhnij Novgorod (Russia)"]
[Round "0"]
[White "Semenov Maxim (RUS)"]
[Black "Kluev Vladimir (RUS)"]
[Result "0-1"]
[WhiteElo "1941"]
[BlackElo "2107"]

1.Nf3 Nf6 2.g3 g6 3.Bg2 Bg7 4.O-O O-O 5.c4 d6 6.d4 Nc6 7.Nc3 a6 8.e4 Bg4 9.Be3
Nd7 10.Qd2 Bxf3 11.Bxf3 e5 12.d5 Nd4 13.Bxd4 exd4 14.Ne2 Ne5 15.Bg2 Nxc4 {#R}
0-1

[Event "It (open) \"]
[Site "masterchessopen.com Los Angeles (USA)"]
[Date "2009.05.23"]
[Round "1"]
[White "Pilnick Carl (USA)"]
[Black "Peters John A (USA)"]
[Result "0-1"]
[WhiteElo "2111"]
[BlackElo "2385"]

1.c4 g6 2.Nc3 Bg7 3.g3 d6 4.d4 Nc6 5.Nf3 Nf6 6.Bg2 O-O 7.O-O a6 8.b3 Rb8 9.Bb2
b5 10.cxb5 axb5 11.d5 Na5 12.e3 b4 13.Ne2 e6 14.dxe6 fxe6 15.Rc1 Qe7 16.Qc2
Ba6 17.Rfe1 c5 18.Bxf6 Qxf6 19.Nf4 Bb7 20.e4 Bh6 21.Nh3 Bxc1 {#R} 0-1

[Event "Memorial R.Nezhmetdinov (open)"]
[Site "masterchessopen.com Kazan (Russia)"]
[Date "2009.06.03"]
[Round "4"]
[White "Talipov Nafis (RUS)"]
[Black "Vasiljev Vasily (RUS)"]
[Result "0-1"]
[WhiteElo "2061"]
[BlackElo "2202"]

1.d4 Nf6 2.Nf3 g6 3.c4 Bg7 4.Nc3 O-O 5.g3 d6 6.Bg2 Nc6 7.O-O a6 8.h3 Rb8 9.e4
b5 10.e5 Nd7 11.Ng5 dxe5 12.Bxc6 exd4 13.Ne2 e5 14.cxb5 axb5 15.f4 Nc5 16.Bg2
h6 17.Nf3 d3 18.Nc3 b4 19.Be3 bxc3 20.bxc3 Ne4 21.Nxe5 Bxe5 22.fxe5 Nxg3
23.Rf3 Nf5 24.Bc5 Qg5 25.Bxf8 Rb2 26.Qf1 Ne3 27.Rxe3 Qxe3+ 28.Kh1 Kxf8 29.Re1
Re2 {#R} 0-1

[Event "It (cat.2)"]
[Site "masterchessopen.com Singapore"]
[Date "2009.06.22"]
[Round "3"]
[White "Paciencia Enrique (SIN)"]
[Black "Gloria Eric (PHI)"]
[Result "1-0"]
[WhiteElo "2422"]
[BlackElo "2301"]

1.d4 d6 2.Nf3 g6 3.c4 Bg7 4.Nc3 Nf6 5.g3 O-O 6.Bg2 Nc6 7.O-O a6 8.b3 Rb8 9.Qc2
Bg4 10.Rd1 Nd7 11.Be3 b5 12.cxb5 Nb4 13.Qd2 axb5 14.Rac1 c6 15.Bh6 Qb6 16.Qf4
Nf6 17.Bxg7 Kxg7 18.e4 e5 19.dxe5 dxe5 20.Qxe5 Bxf3 21.Rd6 Bxg2 22.Qxf6+ Kg8
23.Kxg2 Qa7 24.Rcd1 Qc5 25.a3 {#r} 1-0

[Event "It (open)"]
[Site "masterchessopen.com Albena (Bulgaria)"]
[Date "2009.06.28"]
[Round "9"]
[White "Vasilev Milen (BUL)"]
[Black "Kacakovski Dimitar (MKD)"]
[Result "1-0"]
[WhiteElo "2479"]
[BlackElo "2190"]

1.d4 Nf6 2.c4 g6 3.Nc3 Bg7 4.Nf3 O-O 5.g3 d6 6.Bg2 Nc6 7.O-O a6 8.Qd3 Bd7 9.e4
b5 10.Rd1 bxc4 11.Qxc4 e5 12.dxe5 Nxe5 13.Nxe5 dxe5 14.Bg5 Qc8 15.Bxf6 Bxf6
16.Nd5 Bd8 17.Rac1 Be6 18.Qc3 f6 19.b3 a5 20.Bf1 Ra7 21.Qc5 Qb7 22.Ne7+ Kg7
23.Nc6 Ra8 24.Nxd8 Raxd8 25.Rxd8 {#r} 1-0

[Event "It (open)"]
[Site "masterchessopen.com Chojnice (Poland)"]
[Date "2009.07.15"]
[Round "6"]
[White "Michalska Maria (POL)"]
[Black "Budrewicz Krzysztof (POL)"]
[Result "0-1"]
[WhiteElo "2057"]
[BlackElo "2374"]

1.Nf3 Nf6 2.g3 g6 3.Bg2 Bg7 4.d4 O-O 5.c4 d6 6.O-O Nc6 7.Nc3 a6 8.e4 Rb8 9.a4
Bg4 10.Be3 e5 11.d5 Nd4 12.b4 Nd7 13.Bxd4 exd4 14.Nb1 a5 15.bxa5 Nc5 16.Nbd2
Qd7 17.Nb3 Nxe4 18.Nbxd4 Rfe8 19.Ra3 Ra8 20.Qb3 Bxd4 21.Nxd4 Nd2 22.Qxb7 Nxf1
23.Kxf1 Reb8 24.a6 Rxb7 25.axb7 Rb8 26.Nb5 Rxb7 27.a5 Rxb5 {#R} 0-1

[Event "It (open)"]
[Site "masterchessopen.com Pardubice (Czech Republic)"]
[Date "2009.07.30"]
[Round "7"]
[White "Faibisovich Vadim Z (RUS)"]
[Black "Raykhman Alexander (GER)"]
[Result "0-1"]
[WhiteElo "2429"]
[BlackElo "2274"]

1.d4 Nf6 2.Nf3 g6 3.g3 Bg7 4.Bg2 O-O 5.O-O d6 6.c4 Nc6 7.Nc3 a6 8.b3 Rb8 9.Bb2
b5 10.d5 Na5 11.cxb5 axb5 12.Nd4 b4 13.Na4 Bb7 14.Nc2 c5 15.dxc6 Bxc6 16.Bxc6
Nxc6 17.Ne3 e6 18.Rc1 Rc8 19.Qd3 d5 20.Qb5 Qa5 21.Qb7 Qa7 22.Qxa7 Nxa7 23.Bd4
Rxc1 24.Rxc1 Nb5 25.Bc5 Rc8 26.Nc2 Ne4 27.Bxb4 Nd4 {#R} 0-1

[Event "It (open)"]
[Site "masterchessopen.com Pardubice (Czech Republic)"]
[Round "8"]
[White "Teske Henrik (GER)"]
[Black "Huschenbeth Niclas (GER)"]
[Result "1-0"]
[WhiteElo "2536"]
[BlackElo "2416"]

1.d4 Nf6 2.c4 g6 3.g3 Bg7 4.Bg2 O-O 5.Nf3 d6 6.O-O Nc6 7.Nc3 a6 8.Bf4 Nh5
9.Be3 Rb8 10.Rc1 Na5 11.b3 b5 12.cxb5 axb5 13.d5 b4 14.Na4 e5 15.dxe6 fxe6
16.Qc2 c5 17.Rfd1 c4 18.bxc4 Ba6 19.c5 d5 20.Ng5 Bc8 21.Nb6 Nf6 22.Bh3 Rxb6
23.cxb6 Nc4 24.b7 Bxb7 25.Bxe6+ Kh8 26.Qxc4 {#r} 1-0

[Event "It (open)"]
[Site "masterchessopen.com Tibor (Czech Republic)"]
[Date "2009.08.06"]
[Round "6"]
[White "Hasek Vaclav (CZE)"]
[Black "Janda Jiri (CZE)"]
[Result "0-1"]
[WhiteElo "2055"]
[BlackElo "2202"]

1.Nf3 Nf6 2.d4 g6 3.c4 Bg7 4.Nc3 O-O 5.g3 d6 6.Bg2 Nc6 7.O-O a6 8.d5 Na5 9.Nd2
c5 10.e4 e5 11.Qe2 Rb8 12.Nb3 b5 13.Nxa5 Qxa5 14.a3 Bd7 15.f4 bxc4 16.fxe5 Bg4
17.Qxc4 Nd7 18.exd6 Bd4+ 19.Kh1 Ne5 20.Qa2 Nd3 21.h3 Bd7 22.Kh2 Be5 23.Rd1 c4
24.Qxc4 Nxb2 25.Bxb2 Rxb2 26.Rac1 Rc8 27.Qd3 Rb3 28.Qf3 Rcxc3 29.Rxc3 Rxc3
30.Rd3 Qxa3 {#R} 0-1

[Event "It (open)"]
[Site "masterchessopen.com Brezova pod Bradlom (Slovakia)"]
[Date "2009.08.29"]
[Round "9"]
[White "Petrik Tomas (SVK)"]
[Black "Talla Vladimir (CZE)"]
[Result "1-0"]
[WhiteElo "2529"]
[BlackElo "2483"]

1.d4 Nf6 2.c4 g6 3.g3 Bg7 4.Bg2 O-O 5.Nf3 d6 6.Nc3 Nc6 7.O-O a6 8.b3 Rb8 9.Nd5
Bg4 10.Bb2 Nxd5 11.cxd5 Nb4 12.e4 f5 13.h3 fxe4 14.hxg4 exf3 15.Bxf3 Qe8 16.g5
Qf7 17.Bg4 Qxd5 18.Qe1 Qb5 19.a4 Qb6 20.a5 Qb5 21.Be2 {#r} 1-0

[Event "It (open)"]
[Site "masterchessopen.com Rewal (Poland)"]
[Date "2009.08.29"]
[Round "9"]
[White "Nester Igor (UKR)"]
[Black "Klim Kamil (POL)"]
[Result "1-0"]
[WhiteElo "2390"]
[BlackElo "2280"]

1.Nf3 Nf6 2.c4 g6 3.d4 Bg7 4.g3 O-O 5.Bg2 d6 6.Nc3 Nc6 7.O-O a6 8.h3 Rb8 9.e4
b5 10.cxb5 axb5 11.Re1 b4 12.Nd5 Nxd5 13.exd5 Na5 14.Bg5 Re8 15.Rc1 Qd7 16.Qd2
Rb6 17.Nh2 Bb7 18.Ng4 h5 19.Nh6+ Bxh6 20.Bxh6 Rb5 21.Qg5 Kh7 22.Be4 f5 23.Rxc7
Qxc7 24.Bxf5 Rg8 25.Qxh5 Kh8 26.Bxg6 Rxg6 27.Qxg6 e5 28.Bg5 {#r} 1-0

[Event "Ch Finland (team) 2009/10"]
[Site "masterchessopen.com Finland"]
[Date "2009.09.20"]
[Round "2"]
[White "Maki Veijo (FIN)"]
[Black "Virtanen Antti (FIN)"]
[Result "1-0"]
[WhiteElo "2417"]
[BlackElo "2335"]

1.d4 Nf6 2.c4 g6 3.g3 Bg7 4.Bg2 O-O 5.Nc3 d6 6.Nf3 Nc6 7.O-O a6 8.b3 Rb8 9.Nd5
b5 10.Nxf6+ Bxf6 11.Bh6 Re8 12.Rc1 Bd7 13.cxb5 axb5 14.d5 Na5 15.Nd4 b4 16.Qd2
e6 17.Rfd1 exd5 18.Bxd5 Rb6 19.Qf4 c6 20.Nxc6 Nxc6 21.Bxc6 Rxc6 22.Rxc6 Bxc6
23.Rxd6 Rxe2 24.Rxd8+ Bxd8 25.Qxb4 {#r} 1-0

[Event "Ch Slovakia (team) 2009/10 (1 liga) East"]
[Site "masterchessopen.com Slovakia"]
[Date "2009.10.18"]
[Round "2"]
[White "Hlavac Peter (SVK)"]
[Black "Bartek Ladislav (SVK)"]
[Result "1-0"]
[WhiteElo "2037"]
[BlackElo "2029"]

1.Nf3 Nf6 2.c4 g6 3.Nc3 Bg7 4.d4 O-O 5.g3 d6 6.Bg2 Nc6 7.O-O a6 8.d5 Na5 9.Nd2
c5 10.dxc6 Nxc6 11.Rb1 Be6 12.b4 Qc7 13.Nd5 Bxd5 14.cxd5 Na7 15.Bb2 Rac8
16.Rc1 Qb6 17.Qb3 Rxc1 18.Rxc1 Ng4 19.e3 Bxb2 20.Qxb2 Ne5 21.Bf1 Nb5 22.a4 Nc7
23.a5 {#r} 1-0

[Event "It (open)"]
[Site "masterchessopen.com Chamalieres (France)"]
[Date "2009.10.24"]
[Round "1"]
[White "Robert Alain (FRA)"]
[Black "Rouler Charly (FRA)"]
[Result "0-1"]
[WhiteElo "1792"]
[BlackElo "2335"]

1.c4 g6 2.Nc3 Bg7 3.g3 d6 4.Bg2 Nc6 5.Nf3 Nf6 6.d4 O-O 7.O-O a6 8.e4 Rb8 9.Rb1
b5 10.cxb5 axb5 11.a3 b4 12.axb4 Nxb4 13.e5 Nd7 14.exd6 cxd6 15.Re1 Nf6 16.Be3
Bf5 17.Re2 Bxb1 18.Qxb1 Nbd5 19.Nxd5 Nxd5 20.Qa2 Nxe3 21.fxe3 Qb6 22.Kf2 e5
23.dxe5 dxe5 24.Ng5 Qf6+ {#R} 0-1

[Event "Bundesliga (2nd) North 2009/10"]
[Site "masterchessopen.com Germany"]
[Date "2009.11.15"]
[Round "2"]
[White "Kalinitschew Sergey (GER)"]
[Black "Zimmermann Julian (GER)"]
[Result "1-0"]
[WhiteElo "2488"]
[BlackElo "2280"]

1.Nf3 Nf6 2.c4 g6 3.Nc3 Bg7 4.d4 d6 5.g3 O-O 6.Bg2 Nc6 7.O-O a6 8.Re1 Rb8
9.Rb1 b5 10.cxb5 axb5 11.b4 Bg4 12.d5 Bxf3 13.exf3 Na7 14.Be3 Nc8 15.Qd3 Qd7
16.Rbc1 e6 17.Bh3 Re8 18.Bg5 Nh5 19.dxe6 fxe6 20.Nd5 c6 21.Ne7+ {#r} 1-0

[Event "It (open) \"]
[Site "masterchessopen.com Belgrade (Serbia)"]
[Date "2009.11.30"]
[Round "7"]
[White "Cabarkapa Miomir (SRB)"]
[Black "Panic Anastasija (SRB)"]
[Result "1-0"]
[WhiteElo "2156"]
[BlackElo "1854"]

1.Nf3 Nf6 2.d4 g6 3.c4 Bg7 4.Nc3 O-O 5.g3 d6 6.Bg2 Nc6 7.O-O a6 8.b3 Rb8 9.Bb2
e5 10.Qd2 exd4 11.Nxd4 Nxd4 12.Qxd4 b5 13.cxb5 axb5 14.Nd5 Nh5 15.Qd2 Bxb2
16.Qxb2 Bb7 17.Rac1 c5 18.Ra1 {#r} 1-0

[Event "It \"]
[Site "masterchessopen.com Rijeka (Croatia)"]
[Date "2009.12.05"]
[Round "9"]
[White "Sikanjic Bojan (CRO)"]
[Black "Haug Marianne Wold (NOR)"]
[Result "1-0"]
[WhiteElo "2170"]
[BlackElo "1987"]

1.Nf3 Nf6 2.c4 g6 3.Nc3 Bg7 4.g3 O-O 5.Bg2 d6 6.d4 a6 7.O-O Nc6 8.h3 e5 9.dxe5
dxe5 10.Be3 h6 11.Qa4 Qe7 12.Nd5 Nxd5 13.cxd5 b5 14.Qd1 Na5 15.Qc1 Rd8 16.Bxh6
e4 17.Bxg7 exf3 18.Bxf3 Bxh3 19.d6 Qxd6 20.Qh6 f5 21.Bc3 {#r} 1-0

[Event "It (open)"]
[Site "masterchessopen.com Boeblingen (Germany)"]
[Date "2009.12.28"]
[Round "5"]
[White "Konopka Michal (CZE)"]
[Black "Huettig Michael (GER)"]
[Result "1-0"]
[WhiteElo "2448"]
[BlackElo "2163"]

1.d4 Nf6 2.Nf3 g6 3.g3 Bg7 4.Bg2 O-O 5.c4 d6 6.O-O Nc6 7.Nc3 a6 8.e3 Rb8 9.Qe2
b5 10.Rd1 b4 11.Nd5 a5 12.a3 Ba6 13.axb4 Nxb4 14.Nxf6+ Bxf6 15.Rxa5 c5 16.Ra4
cxd4 17.Nxd4 Qc8 18.b3 e6 19.Ba3 Nd5 20.Qf3 Nc3 21.Qxf6 Nxd1 22.Bxd6 Rd8
23.Be5 {#r} 1-0

[Event "Ch City (students)"]
[Site "masterchessopen.com Rio de Janeiro (Brazil)"]
[Date "2010.01.23"]
[Round "4"]
[White "Campos Alexandre Ferreira (BRA)"]
[Black "Di Berardino Diego Rafael (BRA)"]
[Result "0-1"]
[WhiteElo "2158"]
[BlackElo "2492"]

1.d4 Nf6 2.c4 g6 3.Nf3 Bg7 4.g3 O-O 5.Bg2 d6 6.O-O Nc6 7.Nc3 a6 8.Qc2 Bf5 9.e4
Bg4 10.Be3 Nd7 11.Ne2 e5 12.Rad1 exd4 13.Nfxd4 Nxd4 14.Bxd4 Bxe2 15.Qxe2 Bxd4
16.Rxd4 Re8 17.b4 a5 18.Rfd1 axb4 19.f4 Nc5 20.Qb2 Qe7 21.Qxb4 Rxa2 22.Qb1
Rea8 23.Rd5 Re2 24.Bf3 Re3 25.Bg2 Nxe4 26.Qxb7 Ra2 27.R5d4 Nc3 {#R} 0-1

[Event "Ch City (open)"]
[Site "masterchessopen.com Belgrade (Serbia)"]
[Date "2010.01.30"]
[Round "8"]
[White "Kocic Sasa (SRB)"]
[Black "Adamovic Strahinja (SRB)"]
[Result "0-1"]
[WhiteElo "2196"]
[BlackElo "2084"]

1.d4 Nf6 2.c4 g6 3.Nf3 Bg7 4.Nc3 O-O 5.g3 d6 6.Bg2 a6 7.O-O Nc6 8.e4 Bg4 9.Qd3
Nd7 10.Bg5 Bxf3 11.Bxf3 Nxd4 12.Bg2 Ne5 {#R} 0-1

[Event "Memorial Tringov (open)"]
[Site "masterchessopen.com Plovdiv (Bulgaria)"]
[Date "2010.02.03"]
[Round "6"]
[White "Drasko Milan (MNE)"]
[Black "Galunov Todor (BUL)"]
[Result "1-0"]
[WhiteElo "2486"]
[BlackElo "2339"]

1.Nf3 Nf6 2.g3 g6 3.Bg2 Bg7 4.d4 O-O 5.c4 d6 6.O-O Nc6 7.Nc3 a6 8.Bd2 Na5 9.b3
c5 10.dxc5 dxc5 11.Bf4 Nc6 12.Qxd8 Rxd8 13.Rad1 Nd7 14.Nd5 e6 15.Bc7 exd5
16.cxd5 Nde5 17.Nxe5 Bxe5 {#r} 1-0

[Event "Czech League 2009/10 (2nd) (f)"]
[Site "masterchessopen.com Czech Republic"]
[Date "2010.02.28"]
[Round "8"]
[White "Vysoglad Petr (CZE)"]
[Black "Belunek Vladimir (CZE)"]
[Result "0-1"]
[WhiteElo "2051"]
[BlackElo "2278"]

1.c4 g6 2.Nc3 Bg7 3.d4 Nf6 4.g3 O-O 5.Bg2 d6 6.Nf3 Nc6 7.O-O a6 8.e4 Bg4 9.h3
Bxf3 10.Bxf3 Nd7 11.Be3 e5 12.d5 Nd4 13.Bg2 c5 14.a3 f5 15.f4 exf4 16.Bxf4 Ne5
17.exf5 Rxf5 18.Bxe5 Bxe5 19.Rxf5 Nxf5 20.Ne4 Bxb2 21.Rb1 Bd4+ 22.Kh1 b5 23.g4
Ne3 24.Qf3 Qe7 25.cxb5 axb5 26.Rxb5 Nxg2 27.Qxg2 Rxa3 28.Rb8+ Kg7 29.Rb1 Re3
30.Ng3 Rxg3 {#R} 0-1

[Event "Ch Germany"]
[Site "masterchessopen.com Bad Liebenzell (Germany)"]
[Date "2010.03.09"]
[Round "5"]
[White "Schulze Ulrich (GER)"]
[Black "Hirneise Jens (GER)"]
[Result "1-0"]
[WhiteElo "2332"]
[BlackElo "2298"]

1.d4 Nf6 2.Nf3 g6 3.c4 Bg7 4.g3 d6 5.Bg2 O-O 6.O-O Nc6 7.Nc3 a6 8.h3 Bd7 9.e4
e5 10.dxe5 Nxe5 11.c5 Nxf3+ 12.Qxf3 dxc5 13.e5 Bc6 14.exf6 Bxf3 15.fxg7 Re8
16.Bxf3 c6 17.Ne4 Kxg7 18.Rd1 Qxd1+ 19.Bxd1 Rxe4 20.Be3 Rd8 21.Rc1 b6 22.Bf3
Re6 23.Rc3 a5 24.a4 Rb8 25.Kg2 b5 26.Bxc5 bxa4 27.Bd4+ {#r} 1-0

[Event "Ch Colombia (juniors) (under 12) (g)"]
[Site "masterchessopen.com Bogota (Colombia)"]
[Date "2010.03.30"]
[Round "3"]
[White "Salcedo Jackeline"]
[Black "Rodriguez Sofia (PER)"]
[Result "1-0"]
[WhiteElo "2024"]
[BlackElo "1933"]

1.c4 Nf6 2.Nc3 g6 3.g3 Bg7 4.Bg2 O-O 5.Nf3 d6 6.d4 Nc6 7.O-O a6 8.h3 Rb8 9.a4
e5 10.Be3 Re8 11.Qd2 Nd7 12.Bg5 Bf6 13.Bxf6 Qxf6 14.Nd5 Qd8 15.dxe5 Ncxe5
16.Nxe5 Nxe5 17.Qf4 Kg7 18.a5 Be6 19.Rfd1 Bxd5 20.Rxd5 Qf6 21.Qxf6+ Kxf6 22.b3
Nd7 23.Bf3 Nc5 24.b4 Ne4 25.e3 Ng5 26.Bg2 Re5 27.f4 Rxd5 28.cxd5 Nxh3+ 29.Bxh3
{#r} 1-0

[Event "Memorial V.Smyslov"]
[Site "masterchessopen.com Uljanovsk (Russia)"]
[Date "2010.04.14"]
[Round "4"]
[White "Portnoy Yuriy (RUS)"]
[Black "Sanatullin Rinat (RUS)"]
[Result "0-1"]
[WhiteElo "1930"]
[BlackElo "2216"]

1.Nf3 Nf6 2.d4 d6 3.g3 g6 4.Bg2 Bg7 5.O-O O-O 6.c4 Nc6 7.Nc3 a6 8.e4 Rb8 9.d5
Na5 10.Qa4 c5 11.dxc6 Nxc6 12.Bf4 b5 13.cxb5 axb5 14.Qc2 Bg4 15.Nd5 Bxf3
16.Nxf6+ Bxf6 17.Qxc6 Be2 18.Rfe1 Bxb2 19.Rab1 Bc4 20.Rxb2 Rb6 21.Qxb6 Qxb6
22.Be3 Qa5 {#R} 0-1